Normal view
MARC view
- Larson, Roland.E Hostetler, Robert.P Edwards, Bruce.H
Entry Personal Name
001 - CONTROL NUMBER
- control field: 78719
003 - CONTROL NUMBER IDENTIFIER
- control field: NUST
005 - DATE AND TIME OF LATEST TRANSACTION
- control field: 20210628210239.0
008 - FIXED-LENGTH DATA ELEMENTS
- fixed length control field: 210628|| aca||aabn | a|a d
040 ## - CATALOGING SOURCE
- Original cataloging agency: NUST
- Transcribing agency: NUST
100 ## - HEADING--PERSONAL NAME
- Personal name: Larson, Roland.E Hostetler, Robert.P Edwards, Bruce.H
670 ## - SOURCE DATA FOUND
- Source citation: Work cat.: (NUST): Larson, Roland.E Hostetler, Robert.P Edwards, Bruce.H, Brief calculus with applications, 1995
